Julio César
Gespeichert in:
| 1. Verfasser: | |
|---|---|
| Format: | Buch |
| Sprache: | Spanisch |
| Veröffentlicht: |
Medellín
Albon
1964
|
| Schriftenreihe: | Hombres y Países
|
| Schlagworte: | |
| Tags: |
Tag hinzufügen
Keine Tags, Fügen Sie den ersten Tag hinzu!
|
MARC
| LEADER | 00000nam a2200000 a 4500 | ||
|---|---|---|---|
| 001 | UCP7999 | ||
| 003 | CL-VaPUC | ||
| 005 | 20250227161801.0 | ||
| 008 | 000106e19640000CK |||||||||||||||||spa|d | ||
| 999 | |c 285034 |d 285032 | ||
| 040 | |c Pontificia Universidad Católica de Valparaíso | ||
| 082 | 0 | 4 | |a 923.1 |b ISE |2 21 |
| 100 | 0 | |a Isenberg, Irwin |e author |9 437780 | |
| 245 | 1 | 0 | |a Julio César |
| 260 | |a Medellín |b Albon |c 1964 | ||
| 300 | |a 150 p | ||
| 490 | 0 | |a Hombres y Países | |
| 583 | |a last modification |c 20000106 00:00:00 |k Rodrigo Vera | ||
| 600 | |a Julio César |d 100 A.C.-44 A.C. |9 858621 | ||
| 650 | 0 | |a Biografías |9 255210 | |
| 650 | 7 | |a EMPERADORES |2 CL-VaPUC |9 333943 | |
| 650 | 0 | |a Vida y obra |9 311871 | |
| 651 | 0 | |a Roma |9 255106 | |
| 852 | |a BIBCUR | ||
| 942 | |c BK |2 ddc | ||
| 945 | |d 20000106 00:00:00 |a rherrera | ||
| 952 | |0 0 |1 0 |4 0 |6 923_100000000000000_ISE_1964 |7 0 |8 A |9 329385 |a BIBHIS |b BIBHIS |d 2019-11-20 |i 1377299 |o 923.1 ISE 1964 |p 1377299 |r 2025-01-20 |w 2019-11-20 |y BK |k HIS | ||